Freddy Potts

Sheffield A


Categories

History - Other History0902902993.3305
History - World History0612554989.0013
Social Science0501506592.4003
Other0400405566.7522
Religion0410358083.0002
Science - Other Science0301306187.0012
History - American History04223076116.7502
History - European History0430255866.7502
Literature - British Literature02012097121.5000
Mythology0200205977.0001
Science - Biology0210155069.0011
Literature - European Literature0100107979.0000
Fine Arts - Painting & Sculpture010010110110.0000
Literature - American Literature010110143143.0001
Science - Chemistry010010129129.0000
Fine Arts - Classical Music000000.0000
Philosophy0010-50.0000

Buzzes

History - Other HistorySasanian Empire1029
ReligionEgypt-543
History - World HistoryTurkey1049
History - World HistoryBorneo-550
Science - Biologyhypertension1050
History - European HistoryCarnation Revolution-551
History - European Historyhats-554
Otherstargazing1055
History - European HistoryAragon1058
Mythologywhales1059